| 000 | 00356nam a2200133Ia 4500 | ||
|---|---|---|---|
| 008 | 240624s9999 xx 000 0 und d | ||
| 041 | _aeng | ||
| 082 | _a306.3 HAM | ||
| 100 | _aHAMALAINEN TIMO J | ||
| 245 | _aSOCIAL INNOVATIONS INSTITUTIONAL CHANGE | ||
| 260 |
_c2007 _aUnited Kingdom _bEdward Elgar |
||
| 300 | _axxi, 323 p.; 23 cm. | ||
| 365 |
_cBPS _b38 |
||
| 999 |
_c31256 _d31256 |
||